| 000 | 01022nam a2200253Ia 4500 | ||
|---|---|---|---|
| 003 | GCL | ||
| 008 | 140319s9999 xx 000 0 ara d | ||
| 040 |
_aGCL / _cGCL |
||
| 082 | 0 | 4 |
_aم _b903 _bق ع |
| 100 | 1 | _aالقزوينى : ابوعبدالله زكريا بن محمد بن محمود الانصارى | |
| 245 | 1 | 0 |
_aعجائب المخلوقات وغرائب الموجودات / _cالقزوينى : ابوعبدالله زكريا بن محمد بن محمود الانصارى |
| 260 |
_a[S.N] : _bدار الشرق العربى |
||
| 300 | _a432 ص | ||
| 490 |
_aشكاوى المصرى الفصيح _v0 |
||
| 650 | 0 | 4 | _aالتاريخ الاسلامى |
| 650 | 0 | 4 | _aالرحالة العرب |
| 650 | 0 | 4 | _aالعلوم عند العرب |
| 650 | 0 | 4 | _aالعرب والبحار |
| 650 | 0 | 4 | _aالعرب والكشوف الجغرافية |
| 650 | 0 | 4 | _aالتاريخ الطبيعى |
| 650 | 0 | 4 | _aالعلماء المسلمون |
| 650 | 0 | 4 | _aالحضارة الاسلامية |
| 942 |
_2ddc _cREF |
||
| 999 |
_c59408 _d59408 |
||